|
|
|
|
| LEADER |
00000nam a22000007a 4500 |
| 005 |
20210511000117.0 |
| 007 |
cr|||| |||| |
| 008 |
210511s2018 co |||||s|||| 00||0 spa d |
| 020 |
|
|
|a 978-958-762-775-6
|
| 035 |
|
|
|a 33419
|
| 040 |
|
|
|a vLex
|
| 090 |
|
|
|c 11639
|d 11639
|
| 100 |
1 |
|
|a Chu Rubio, Manuel
|
| 245 |
1 |
0 |
|a Finanzas para no Financieros
|h [Recurso electrn̤ico] /
|c Manuel Chu Rubio
|
| 256 |
|
|
|a Servicio en ln̕ea
|
| 260 |
|
|
|a Bogot:̀
|b Ediciones de la U,
|c 2018
|
| 300 |
|
|
|a 1 recurso electrn̤ico
|
| 500 |
|
|
|a La l︢tima crisis internacional, conocida como ±crisis de los pas̕es desarrollados», nos ha recordado que no somos una isla y que nuestra vida cotidiana est ̀muy ligada al quehacer financiero, lo cual hace imperativo el conocimiento de los conceptos bs̀icos de las finanzas modernas. Los ejecutivos cada vez son ms̀ conscientes de que la creacin̤ de valor en las empresas se debe dar en el largo plazo.
|
| 506 |
1 |
|
|a Disponible solo en los productos indicados
|d vLex Global
|d vLex Global (Academic Edition, excluding Law Schools)
|d vLex Global (U.S. Academic Edition, Law Schools)
|d vLex Global (U.S. Academic Edition, excluding Law Schools)
|d vLex Global (Academic Edition, Law Schools)
|
| 650 |
0 |
4 |
|a Contabilidad
|z Colombia
|
| 650 |
0 |
4 |
|a Banca y finanzas
|z Colombia
|
| 740 |
0 |
|
|a vLex Libros (Servicio en ln̕ea)
|
| 856 |
4 |
0 |
|u https://vlex.com/source/finanzas-para-no-financieros-33419
|z Acceso restringido
|
| 942 |
|
|
|c BOOK
|
| 999 |
0 |
|
|a Accounting
|
| 999 |
0 |
|
|a Banking and finance
|